Cá biển Việt Nam (Ganoidomorpha, Clupeomorpha)

Αποθηκεύτηκε σε:
Λεπτομέρειες βιβλιογραφικής εγγραφής
Κύριος συγγραφέας: Nguyễn, Khắc Hường
Μορφή: Βιβλίο
Γλώσσα:Undetermined
Έκδοση: Hà Nội Khoa học và Kỹ thuật 1991
Θέματα:
Ετικέτες: Προσθήκη ετικέτας
Δεν υπάρχουν, Καταχωρήστε ετικέτα πρώτοι!
Thư viện lưu trữ: Trung tâm Học liệu Trường Đại học Cần Thơ
LEADER 00659nam a2200193Ia 4500
001 CTU_161469
008 210402s9999 xx 000 0 und d
082 |a 597.0921 
082 |b H561/T.2/Q.1 
100 |a Nguyễn, Khắc Hường 
245 0 |a Cá biển Việt Nam (Ganoidomorpha, Clupeomorpha) 
245 0 |c Nguyễn Khắc Hường 
260 |a Hà Nội 
260 |b Khoa học và Kỹ thuật 
260 |c 1991 
650 |a Cá biển,Nuôi trồng thủy sản,Marine fishes,Aquaculture 
650 |z Việt Nam,Vietnam 
904 |i Trọng Hải 
980 |a Trung tâm Học liệu Trường Đại học Cần Thơ